Statistics for Countries That Are Last Alphabetically Per Letter

Click here to take the quiz!

General Stats

  • This quiz has been taken 22 times
  • The average score is 21 of 24

Answer Stats

LetterAnswer% Correct
ZZIMBABWE
100%
IITALY
100%
YYEMEN
100%
QQATAR
100%
OOMAN
100%
VVIETNAM
95%
UUZBEKISTAN
95%
RRWANDA
95%
AAZERBAIJAN
95%
JJORDAN
91%
HHUNGARY
91%
BBURUNDI
86%
SSYRIA
86%
EETHIOPIA
86%
FFRANCE
82%
TTUVALU
82%
CCZECHIA
82%
KKYRGYZSTAN
77%
NNORWAY
77%
GGUYANA
77%
DDOMINICAN REPUBLIC
73%
MMYANMAR
73%
PPORTUGAL
64%
LLUXEMBOURG
59%

Score Distribution

Percentile by Number Answered

Percent of People with Each Score

Your Score History

You have not taken this quiz